[Event "Deltalift op"]
[Site "Tylosand"]
[Date "2019.05.31"]
[Round "6"]
[White "Pantzar, Milton"]
[Black "Riquebon, Nathalie"]
[Result "1-0"]
[WhiteElo "2390"]
[BlackElo "1789"]
[PlyCount "121"]
[EventDate "2019.05.30"]
[EventType "swiss"]
[EventRounds "8"]
[EventCountry "SWE"]
[SourceTitle "CBM 190 Extra"]
[Source "ChessBase"]
[SourceDate "2019.07.15"]
[SourceVersion "1"]
[SourceVersionDate "2019.07.15"]
[SourceQuality "1"]

1. Nf3 Nf6 2. e3 g6 3. b4 Bg7 4. Bb2 0-0 5. c4 d6 6. Be2 e5 7. d3 Nc6 8. b5 Ne7 9. 0-0 Bf5 10. Nc3 Nd7 11. Nd2 Nc5 12. Nb3 b6 13. Qc2 Rc8 14. Rfd1 Qd7 15. Nxc5 bxc5 16. Bf3 Bg4 17. Qe2 Bxf3 18. Qxf3 c6 19. a4 f5 20. Rab1 Rc7 21. Ba1 Qe6 22. bxc6 Nxc6 23. Nb5 Rcc8 24. Qd5 Rf6 25. Bc3 a5 26. Nxd6 Qxd5 27. cxd5 Rxd6 28. dxc6 Rdxc6 29. Bxa5 Ra6 30. Rb5 Rca8 31. Bc3 Rxa4 32. Rxc5 Ra3 33. g3 Bf8 34. Rc7 Bg7 35. Rb1 R3a7 36. Rc5 Re8 37. Rd5 Rc7 38. Ba5 Rf7 39. Rbb5 f4 40. gxf4 exf4 41. e4 f3 42. h3 Bh6 43. Bc3 Rc8 44. Be5 Be3 45. Rb8 Rxb8 46. Bxb8 Bb6 47. d4 Kg7 48. Kh2 Re7 49. Be5+ Kf7 50. Kg3 Bc7 51. Bxc7 Rxc7 52. Kxf3 Rc3+ 53. Kg2 Ke6 54. f3 Rd3 55. Kg3 h6 56. h4 Rd2 57. h5 g5 58. Rd8 Ke7 59. Rh8 Rxd4 60. Rxh6 Rd1 61. Rg6 1-0

[Event "FRA-ch U18 Girls"]
[Site "Le Grand Bornand"]
[Date "2007.04.09"]
[Round "3"]
[White "Tchougourian, Anait"]
[Black "Riquebon, Nathalie"]
[Result "1-0"]
[WhiteElo "1720"]
[BlackElo "1767"]
[PlyCount "91"]
[EventDate "2007.04.07"]
[EventType "swiss"]
[EventRounds "9"]
[EventCountry "FRA"]
[SourceTitle "CBM 118 Extra"]
[Source "ChessBase"]
[SourceDate "2007.07.04"]
[SourceVersion "1"]
[SourceVersionDate "2007.07.04"]
[SourceQuality "1"]

1. e4 e5 2. Nf3 Nc6 3. Bc4 Nf6 4. Ng5 d5 5. exd5 b5 6. Bb3 Nxd5 7. Nxf7 Kxf7 8. Qf3+ Ke6 9. Nc3 Nce7 10. Ne4 c6 11. Ng5+ Kd7 12. Nf7 Qe8 13. Nxh8 h6 14. Nf7 Ke6 15. Nxe5 Kxe5 16. d4+ Kxd4 17. Be3+ Ke5 18. Bf4+ Nxf4 19. 0-0-0 Qh5 20. Rhe1+ Kf5 21. Qe4+ Kg5 22. g3 Qg4 23. h4+ Kh5 24. gxf4 Bf5 25. Qe5 Ng6 26. Bf7 Be7 27. Rg1 Bf6 28. Bxg6+ Qxg6 29. Qe2+ Bg4 30. f3 Qe8 31. fxg4+ Kg6 32. Qd3+ Kf7 33. Rge1 Qf8 34. Qd7+ Kg8 35. Qxc6 Bxh4 36. Qd5+ Kh8 37. Rh1 Rd8 38. Qe4 Re8 39. Qf3 Bg5 40. Rhf1 Bd8 41. Rd7 Bb6 42. Kb1 Re3 43. Qd5 Qxf4 44. Rxf4 Re1+ 45. Qd1 Rxd1+ 46. Rxd1 1-0

[Event "FRA-ch U16 Girls"]
[Site "Calvi"]
[Date "2005.04.21"]
[Round "6"]
[White "Le Bail, Clara"]
[Black "Riquebon, Nathalie"]
[Result "1-0"]
[WhiteElo "1938"]
[BlackElo "1710"]
[PlyCount "95"]
[EventDate "2005.04.??"]
[EventType "swiss"]
[EventRounds "9"]
[EventCountry "FRA"]
[SourceTitle "EXT 2006"]
[Source "ChessBase"]
[SourceDate "2005.11.24"]
[SourceVersion "1"]
[SourceVersionDate "2005.11.24"]
[SourceQuality "1"]

1. e4 d5 2. exd5 Qxd5 3. Nc3 Qa5 4. d4 c6 5. Nf3 Nf6 6. Bd2 Bf5 7. Bc4 e6 8. h3 Nbd7 9. Qe2 Qc7 10. 0-0-0 0-0-0 11. Rhe1 Bd6 12. Ne5 Nb6 13. Bb3 Bxe5 14. dxe5 Nfd5 15. Nxd5 cxd5 16. Bb4 Rhe8 17. Rd4 f6 18. Bc3 Be4 19. f3 Bg6 20. Rdd1 Qe7 21. Qe3 Kb8 22. Bd4 fxe5 23. Qxe5+ Kc8 24. Bxb6 axb6 25. Bxd5 Rxd5 26. Rxd5 Qb4 27. Rd4 Qc5 28. Qxc5+ bxc5 29. Rc4 b6 30. b4 Kd7 31. bxc5 bxc5 32. Rxc5 Kd6 33. Rc3 Ra8 34. Kb2 Rb8+ 35. Rb3 Rc8 36. c3 Bf5 37. a4 h5 38. a5 Kc5 39. a6 Ra8 40. Ra1 Bd3 41. a7 Bb5 42. c4 Bc6 43. Kc3 e5 44. Rb8 e4 45. Ra5+ Kd6 46. Ra6 exf3 47. gxf3 Kd7 48. Rxc6 1-0

[Event "FRA-ch U16 Girls"]
[Site "Calvi"]
[Date "2005.04.19"]
[Round "4"]
[White "Bodlenner, Camille"]
[Black "Riquebon, Nathalie"]
[Result "1/2-1/2"]
[WhiteElo "1985"]
[BlackElo "1710"]
[PlyCount "74"]
[EventDate "2005.04.??"]
[EventType "swiss"]
[EventRounds "9"]
[EventCountry "FRA"]
[SourceTitle "EXT 2006"]
[Source "ChessBase"]
[SourceDate "2005.11.24"]
[SourceVersion "1"]
[SourceVersionDate "2005.11.24"]
[SourceQuality "1"]

1. e4 d5 2. exd5 Qxd5 3. Nc3 Qa5 4. Bc4 Nf6 5. d3 Bg4 6. Nge2 e5 7. Bd2 c6 8. 0-0 Nbd7 9. a3 Bd6 10. Nb5 Qxb5 11. Bxb5 cxb5 12. Bb4 Bc7 13. h3 Bh5 14. Re1 a5 15. Bd2 0-0 16. Qc1 Rac8 17. Ng3 Bg6 18. Bg5 Nd5 19. h4 h6 20. Bd2 Bb6 21. Qd1 Rfe8 22. Ne4 Re6 23. Rc1 Rec6 24. b3 f5 25. Ng3 Bd8 26. h5 Bh7 27. c4 bxc4 28. dxc4 N5f6 29. Bc3 f4 30. Nf1 Bc7 31. Nd2 Nc5 32. Ra1 Nd3 33. Rf1 Bf5 34. Qe2 Rd8 35. Nf3 Bg4 36. Qc2 Bxh5 37. Be1 e4 1/2-1/2

[Event "FRA-ch U14 Girls"]
[Site "Le Grand Bornand"]
[Date "2003.??.??"]
[Round "8.7"]
[White "Cheype, Marie"]
[Black "Riquebon, Nathalie"]
[Result "0-1"]
[WhiteElo "1730"]
[BlackElo "1770"]
[PlyCount "62"]
[EventDate "2003.??.??"]
[EventType "swiss"]
[EventRounds "9"]
[EventCountry "FRA"]
[SourceTitle "EXT 2004"]
[Source "ChessBase"]
[SourceDate "2003.11.25"]
[SourceVersion "1"]
[SourceVersionDate "2003.11.25"]
[SourceQuality "1"]

1. e4 b6 2. d4 Bb7 3. Nc3 e6 4. Bd3 c5 5. Nf3 Nf6 6. Bg5 Be7 7. 0-0 d5 8. e5 Nfd7 9. Bxe7 Qxe7 10. Qe2 0-0 11. Qe3 Nc6 12. Nb5 a6 13. Nd6 cxd4 14. Nxd4 Ndxe5 15. Nxc6 Nxc6 16. Nxb7 Qxb7 17. Qh3 g6 18. Qh6 Rac8 19. c3 Ne5 20. Be2 Rc5 21. Rfd1 Rfc8 22. Rd4 R8c7 23. Rh4 f6 24. Rf4 Rf7 25. Qh3 Qc8 26. Rd1 Nc4 27. Bxc4 dxc4 28. Rfd4 Kg7 29. Rh4 h5 30. Rhd4 Re5 31. Rd8 Qxd8 0-1